[Event "HUN-chT2 Szechenyi 1011"]
[Site "Hungary"]
[Date "2010.11.21"]
[Round "6.3"]
[White "Ruszin, Tibor"]
[Black "Parej, Jozsef"]
[Result "1-0"]
[WhiteElo "2090"]
[BlackElo "1975"]
[PlyCount "35"]
[EventDate "2010.09.12"]
[EventType "team-tourn"]
[EventRounds "11"]
[EventCountry "HUN"]
[SourceTitle "EXT 2012"]
[Source "ChessBase"]
[SourceDate "2011.11.24"]
[SourceVersion "1"]
[SourceVersionDate "2011.11.24"]
[SourceQuality "1"]
[WhiteTeam "Zala Volan"]
[BlackTeam "Tapolca"]
[WhiteTeamCountry "HUN"]
[BlackTeamCountry "HUN"]

1. Nf3 d5 2. c4 c6 3. g3 Bg4 4. Bg2 Bxf3 5. Bxf3 e6 6. 0-0 Nf6 7. cxd5 exd5 8. a3 Bd6 9. b4 a6 10. Bb2 Nbd7 11. d3 0-0 12. Nd2 Be5 13. Qc2 Bxb2 14. Qxb2 Qe7 15. Nb3 Rfe8 16. Rfe1 Ne5 17. Bg2 Nxd3 18. exd3 1-0

[Event "HUN-chT2 Szechenyi 0910"]
[Site "Hungary"]
[Date "2010.04.18"]
[Round "10.3"]
[White "Gaal, Ede"]
[Black "Parej, Jozsef"]
[Result "1/2-1/2"]
[WhiteElo "2095"]
[BlackElo "1977"]
[PlyCount "108"]
[EventDate "2009.11.08"]
[EventType "team-tourn"]
[EventRounds "11"]
[EventCountry "HUN"]
[SourceTitle "EXT 2011"]
[Source "ChessBase"]
[SourceDate "2010.11.26"]
[SourceVersion "1"]
[SourceVersionDate "2010.11.26"]
[SourceQuality "1"]
[WhiteTeam "Lovo"]
[BlackTeam "Tapolca Szeremley"]
[WhiteTeamCountry "HUN"]
[BlackTeamCountry "HUN"]

1. e4 c5 2. Nf3 a6 3. c3 d5 4. exd5 Qxd5 5. d4 e6 6. Be2 Nf6 7. 0-0 Be7 8. Be3 cxd4 9. cxd4 0-0 10. Nc3 Qd6 11. Ne5 Nd5 12. Rc1 Nd7 13. Nc4 Qb8 14. Bf3 Nxe3 15. Nxe3 Nf6 16. Qb3 Ra7 17. Nc4 b5 18. a4 Bd7 19. axb5 axb5 20. Ne5 b4 21. Ne4 Nxe4 22. Bxe4 Qd6 23. Qd3 f5 24. Bc6 Bxc6 25. Rxc6 Qd5 26. Rfc1 Rd8 27. f4 Bf6 28. Qe3 Bxe5 29. dxe5 Rb7 30. Qe2 Rdd7 31. h3 h6 32. Qa6 Kf7 33. Qe2 Qd4+ 34. Kh1 Qxf4 35. Rf1 Qd2 36. Rxf5+ Ke7 37. Qg4 Qd1+ 38. Rf1 Qxg4 39. hxg4 Rd4 40. Re1 Rxg4 41. Rc5 Rd7 42. Re2 Rgd4 43. Rb5 g5 44. Rb8 Rh4+ 45. Kg1 Rd1+ 46. Kf2 Rf4+ 47. Kg3 Rd3+ 48. Kh2 Rdd4 49. g3 Rfe4 50. Rb7+ Kd8 51. Rf2 Kc8 52. Ra7 Kb8 53. Re7 Rd8 54. Rxe6 h5 1/2-1/2

[Event "HUN-chT2 Szechenyi 0910"]
[Site "Hungary"]
[Date "2009.11.22"]
[Round "2.3"]
[White "Parej, Jozsef"]
[Black "Kovacs, Elod"]
[Result "0-1"]
[WhiteElo "1977"]
[BlackElo "2230"]
[PlyCount "48"]
[EventDate "2009.11.08"]
[EventType "team-tourn"]
[EventRounds "11"]
[EventCountry "HUN"]
[SourceTitle "EXT 2011"]
[Source "ChessBase"]
[SourceDate "2010.11.26"]
[SourceVersion "1"]
[SourceVersionDate "2010.11.26"]
[SourceQuality "1"]
[WhiteTeam "Tapolca Szeremley"]
[BlackTeam "BSC"]
[WhiteTeamCountry "HUN"]
[BlackTeamCountry "HUN"]

1. e4 c6 2. Ne2 d5 3. e5 Bf5 4. Ng3 Bg6 5. h4 h5 6. e6 Qd6 7. exf7+ Bxf7 8. d4 Nd7 9. f4 0-0-0 10. Be3 Ngf6 11. Be2 g6 12. c3 Bh6 13. Qd2 Be6 14. Na3 Ng4 15. Bxg4 Bxg4 16. Ne2 Nf6 17. Rg1 Ne4 18. Qc1 Qf6 19. g3 Qf5 20. Qc2 Rd6 21. 0-0-0 Re6 22. Rde1 Nd6 23. Qa4 Rxe3 24. Qxa7 Rf8 0-1

[Event "HUN-chT2 Szechenyi 0809"]
[Site "Hungary"]
[Date "2009.04.05"]
[Round "10.2"]
[White "Paksa, Rudolf"]
[Black "Parej, Jozsef"]
[Result "1-0"]
[WhiteElo "2197"]
[BlackElo "2000"]
[PlyCount "87"]
[EventDate "2008.10.26"]
[EventType "team-tourn"]
[EventRounds "11"]
[EventCountry "HUN"]
[SourceTitle "EXT 2010"]
[Source "ChessBase"]
[SourceDate "2010.11.25"]
[SourceVersion "1"]
[SourceVersionDate "2010.11.25"]
[SourceQuality "1"]
[WhiteTeam "Ajka Banyasz"]
[BlackTeam "Tapolca II"]
[WhiteTeamCountry "HUN"]
[BlackTeamCountry "HUN"]

1. e4 c5 2. Nf3 a6 3. c4 e6 4. Nc3 Qc7 5. Be2 Nc6 6. d4 cxd4 7. Nxd4 Nf6 8. 0-0 Bb4 9. Nxc6 dxc6 10. Bd3 e5 11. Bg5 Be7 12. Rc1 0-0 13. Qe2 Bg4 14. f3 Be6 15. Kh1 Qd6 16. c5 Qd8 17. b4 Nxe4 18. Qxe4 f5 19. Qxe5 Bxg5 20. Qxe6+ Kh8 21. Rcd1 Qc7 22. Bc4 Rf6 23. Qd7 Qe5 24. Qd8+ Rf8 25. Qxg5 Qxc3 26. Bb3 Qxb4 27. Rd7 Qc3 28. Rxb7 Rae8 29. Qc1 Qe5 30. Qa1 h6 31. f4 Qf6 32. Qxf6 Rxf6 33. Rd7 Re3 34. h4 h5 35. Bf7 Rc3 36. Rf3 Rxf3 37. gxf3 a5 38. a3 Kh7 39. Kg2 g6 40. Kf2 Kg7 41. Bc4+ Kf8 42. Rd6 Ke7 43. Rxf6 Kxf6 44. Ke3 1-0

[Event "HUN-chT2 Szechenyi 0809"]
[Site "Hungary"]
[Date "2009.02.16"]
[Round "7.2"]
[White "Parej, Jozsef"]
[Black "Varga, Tibor"]
[Result "0-1"]
[WhiteElo "2000"]
[BlackElo "2075"]
[PlyCount "76"]
[EventDate "2008.10.26"]
[EventType "team-tourn"]
[EventRounds "11"]
[EventCountry "HUN"]
[SourceTitle "EXT 2010"]
[Source "ChessBase"]
[SourceDate "2010.11.25"]
[SourceVersion "1"]
[SourceVersionDate "2010.11.25"]
[SourceQuality "1"]
[WhiteTeam "Tapolca II"]
[BlackTeam "Haladas"]
[WhiteTeamCountry "HUN"]
[BlackTeamCountry "HUN"]

1. e4 d6 2. d4 Nf6 3. Nc3 Nbd7 4. f4 e5 5. dxe5 dxe5 6. fxe5 Nxe5 7. Qxd8+ Kxd8 8. Bg5 Be7 9. 0-0-0+ Bd7 10. h3 h6 11. Bf4 Bd6 12. Nf3 Re8 13. Bh2 Kc8 14. Nd4 a6 15. a3 b5 16. Nf5 Bf8 17. Be2 g6 18. Ne3 c6 19. Rhf1 Bg7 20. Kb1 Re7 21. Rd6 Ne8 22. Rdd1 a5 23. Bg1 Be6 24. Bxb5 cxb5 25. Ned5 Nc6 26. Nxe7+ Nxe7 27. Nxb5 Bc4 28. Na7+ Kc7 29. Rfe1 Be5 30. Bc5 Ng8 31. b3 Rb8 32. a4 Ngf6 33. Kc1 Ba6 34. g4 Bg3 35. Rg1 Bf4+ 36. Kb2 Nxe4 37. Bd4 N8d6 38. Rde1 Bd2 0-1

[Event "HUN-chT2 Szechenyi 0708"]
[Site "Hungary"]
[Date "2007.10.14"]
[Round "1"]
[White "Parej, Jozsef"]
[Black "Szabo, Zoltan"]
[Result "1/2-1/2"]
[WhiteElo "2024"]
[BlackElo "1792"]
[PlyCount "37"]
[EventDate "2007.10.14"]
[EventType "team"]
[EventRounds "11"]
[EventCountry "HUN"]
[SourceTitle "EXT 2009"]
[Source "ChessBase"]
[SourceDate "2008.11.26"]
[SourceVersion "1"]
[SourceVersionDate "2008.11.26"]
[SourceQuality "1"]
[WhiteTeam "Tapolca Szeremley"]
[BlackTeam "Peti MTE"]
[WhiteTeamCountry "HUN"]
[BlackTeamCountry "HUN"]

1. e4 e5 2. Nf3 Nc6 3. d4 exd4 4. Nxd4 Qh4 5. Nb5 Qxe4+ 6. Be2 Bb4+ 7. N1c3 Bxc3+ 8. bxc3 Kd8 9. 0-0 Nf6 10. Bd3 Qg4 11. f3 Qh5 12. c4 a6 13. Nc3 Re8 14. Bb2 Qc5+ 15. Kh1 Qe3 16. Nd5 Nxd5 17. cxd5 Ne5 18. Re1 Nxd3 19. cxd3 1/2-1/2

[Event "HUN-chT2 Szechenyi 0607"]
[Site "Hungary"]
[Date "2007.04.29"]
[Round "9"]
[White "Horvath, Balazs"]
[Black "Parej, Jozsef"]
[Result "1/2-1/2"]
[WhiteElo "2065"]
[BlackElo "2042"]
[PlyCount "32"]
[EventDate "2006.11.12"]
[EventType "team"]
[EventRounds "11"]
[EventCountry "HUN"]
[SourceTitle "EXT 2008"]
[Source "ChessBase"]
[SourceDate "2007.11.25"]
[SourceVersion "1"]
[SourceVersionDate "2007.11.25"]
[SourceQuality "1"]
[WhiteTeam "Peti MTE"]
[BlackTeam "Tapolca Varju"]
[WhiteTeamCountry "HUN"]
[BlackTeamCountry "HUN"]

1. d4 Nf6 2. c4 c5 3. e3 g6 4. Nc3 Bg7 5. g3 0-0 6. Bg2 a6 7. a3 Qc7 8. Qd3 d6 9. Nge2 Nc6 10. Nd5 Nxd5 11. cxd5 Na7 12. b3 b6 13. Bb2 Bb7 14. 0-0 e6 15. dxe6 fxe6 16. f3 Rae8 1/2-1/2

[Event "Ajka Borostyan Cup"]
[Site "Ajka"]
[Date "2005.07.08"]
[Round "7"]
[White "Parej, Jozsef"]
[Black "Mihalyfi, Gabor"]
[Result "1/2-1/2"]
[WhiteElo "2061"]
[BlackElo "2130"]
[PlyCount "78"]
[EventDate "2005.07.02"]
[EventType "swiss"]
[EventRounds "9"]
[EventCountry "HUN"]
[SourceTitle "EXT 2008"]
[Source "ChessBase"]
[SourceDate "2007.11.25"]
[SourceVersion "1"]
[SourceVersionDate "2007.11.25"]
[SourceQuality "1"]

1. e4 e6 2. d4 c6 3. f4 d5 4. e5 c5 5. Nf3 Nc6 6. a3 cxd4 7. Bd3 f5 8. 0-0 g6 9. b4 a6 10. Nbd2 Nh6 11. h3 Be7 12. Nb3 0-0 13. Kh1 Bd7 14. Nbxd4 Nxd4 15. Nxd4 Qc7 16. Be3 Rfc8 17. Qe2 Qd8 18. Kh2 Qf8 19. Nb3 Nf7 20. Nc5 Bxc5 21. Bxc5 Qe8 22. c4 Bc6 23. a4 dxc4 24. Bxc4 Be4 25. Rfd1 Rc6 26. a5 Rcc8 27. Bb3 Rd8 28. Bb6 Rxd1 29. Rxd1 Rc8 30. Qa2 Nd8 31. Bxd8 Rxd8 32. Bxe6+ Kg7 33. Rxd8 Qxd8 34. Qb2 g5 35. fxg5 Qxg5 36. Bc4 Qf4+ 37. Kg1 Qe3+ 38. Kh1 f4 39. e6+ Kg6 1/2-1/2

[Event "Ajka Borostyan Cup"]
[Site "Ajka"]
[Date "2004.06.29"]
[Round "4"]
[White "Parej, Jozsef"]
[Black "Keresztes, Mark"]
[Result "1/2-1/2"]
[WhiteElo "2098"]
[BlackElo "2095"]
[PlyCount "22"]
[EventDate "2004.06.26"]
[EventType "swiss"]
[EventRounds "9"]
[EventCountry "HUN"]
[SourceTitle "EXT 2008"]
[Source "ChessBase"]
[SourceDate "2007.11.25"]
[SourceVersion "1"]
[SourceVersionDate "2007.11.25"]
[SourceQuality "1"]

1. e4 c5 2. Nf3 d6 3. d4 cxd4 4. Nxd4 Nf6 5. Nc3 a6 6. Bc4 e6 7. Bb3 Be7 8. g4 Nc6 9. Be3 Nxd4 10. Bxd4 e5 11. Be3 Bxg4 1/2-1/2

[Event "HUN-ch Seniors"]
[Site "Ajka"]
[Date "2004.04.10"]
[Round "5"]
[White "Parej, Jozsef"]
[Black "Di Giovanni, Vilmos"]
[Result "0-1"]
[WhiteElo "2098"]
[BlackElo "2157"]
[PlyCount "91"]
[EventDate "2004.04.08"]
[EventType "swiss"]
[EventRounds "7"]
[EventCountry "HUN"]
[SourceTitle "EXT 2008"]
[Source "ChessBase"]
[SourceDate "2007.11.25"]
[SourceVersion "1"]
[SourceVersionDate "2007.11.25"]
[SourceQuality "1"]

1. e4 d5 2. exd5 Nf6 3. d4 Bg4 4. Nf3 Nxd5 5. c4 Nb6 6. Be2 g6 7. Nc3 Bg7 8. Be3 0-0 9. h3 Bxf3 10. Bxf3 Nc6 11. Bxc6 bxc6 12. c5 Nc4 13. Qc2 Nxe3 14. fxe3 e5 15. 0-0-0 Qg5 16. Kb1 Qxe3 17. Rhe1 Qg3 18. Ne4 Qh4 19. dxe5 Bxe5 20. Nc3 Bg7 21. Re4 Qg5 22. Na4 Rab8 23. Qf2 Rfd8 24. Rf1 Qd5 25. Qf3 f5 26. Re3 Qd4 27. Nc3 Qxc5 28. Kc2 Qb4 29. Rb1 Rd6 30. Rd3 Rbd8 31. Rxd6 Rxd6 32. Qe3 Bxc3 33. bxc3 Qa4+ 34. Kb2 c5 35. Ka1 Rb6 36. Rxb6 cxb6 37. Qe6+ Kg7 38. Qe7+ Kh6 39. Qe3+ f4 40. Qd3 Qc6 41. Qe2 a6 42. Qg4 Qf6 43. Kb1 Qf5+ 44. Kb2 Qe5 45. Kb3 Qd6 46. c4 0-1

[Event "HUN-chT2 Charousek 0203"]
[Site "Hungary"]
[Date "2003.01.19"]
[Round "5.10"]
[White "Parej, Jozsef"]
[Black "Banyai, Sandor"]
[Result "1/2-1/2"]
[WhiteElo "2144"]
[BlackElo "2118"]
[PlyCount "97"]
[EventDate "2002.09.22"]
[EventType "team"]
[EventRounds "11"]
[EventCountry "HUN"]
[SourceTitle "EXT 2004"]
[Source "ChessBase"]
[SourceDate "2003.11.25"]
[SourceVersion "1"]
[SourceVersionDate "2003.11.25"]
[SourceQuality "1"]
[WhiteTeam "Tapolca Rockwool"]
[BlackTeam "Geniusz Tata"]
[WhiteTeamCountry "HUN"]
[BlackTeamCountry "HUN"]

1. e4 d6 2. d4 Nf6 3. Nc3 g6 4. Be3 Bg7 5. h3 c6 6. f4 Nbd7 7. Qf3 0-0 8. 0-0-0 Qc7 9. g4 b5 10. f5 b4 11. Nb1 a5 12. g5 Nh5 13. Bd3 a4 14. Nd2 Bb7 15. Ne2 c5 16. Nc4 Nb6 17. d5 b3 18. axb3 Nxc4 19. Bxc4 a3 20. c3 Qa5 21. Kc2 axb2 22. Rb1 Rfb8 23. Rxb2 Ba6 24. Bxa6 Rxa6 25. Bd2 Qa3 26. Rhb1 Rab6 27. Qd3 Be5 28. h4 Qa7 29. Nc1 Ng3 30. Qf3 Nh5 31. Nd3 Bg7 32. Nc1 c4 33. Be3 cxb3+ 34. Nxb3 Rc8 35. Bxb6 Qxb6 36. f6 exf6 37. Nd2 Qa6 38. Rb3 fxg5 39. hxg5 Be5 40. Qg4 Kg7 41. Qd7 Nf4 42. Qg4 Qd3+ 43. Kd1 Rxc3 44. R1b2 Ne2 45. Rb1 Rxb3 46. Rxb3 Nc3+ 47. Kc1 Qe3 48. Rb7 Bf4 49. Rxf7+ 1/2-1/2